The Art and Science of LeaderShip 6th/ed (Record no. 320576)

000 -LEADER
fixed length control field 00328 a2200133 4500
001 - CONTROL NUMBER
control field 85503
082 ## - DEWEY DECIMAL CLASSIFICATION NUMBER
Classification number 158.4 NAH
090 ## - LOCALLY ASSIGNED LC-TYPE CALL NUMBER (OCLC); LOCAL CALL NUMBER (RLIN)
-- 40153
-- 40152
100 ## - MAIN ENTRY--PERSONAL NAME
Personal name Afsaneh Nahavandi
245 ## - TITLE STATEMENT
Title The Art and Science of LeaderShip 6th/ed
250 ## - EDITION STATEMENT
Edition statement 6th
260 ## - PUBLICATION, DISTRIBUTION, ETC.
Place of publication, distribution, etc. Boston
Name of publisher, distributor, etc. Prentice Hall
Date of publication, distribution, etc. 2010
500 ## - GENERAL NOTE
General note DOS BS Reference Books
942 ## - ADDED ENTRY ELEMENTS (KOHA)
Institution code [OBSOLETE] caenust
Call number prefix 158.4 NAH
Holdings
Withdrawn status Lost status Damaged status Not for loan Collection code Permanent Location Current Location Date acquired Total Checkouts Full call number Barcode Date last seen Price effective from Koha item type
          College of Aeronautical Engineering (CAE) College of Aeronautical Engineering (CAE) 04/03/2017   158.4 NAH CAE84272 04/05/2017 04/05/2017 Book
          College of Aeronautical Engineering (CAE) College of Aeronautical Engineering (CAE) 04/03/2017   158.4 NAH CAE84420 04/05/2017 04/05/2017 Book
          College of Aeronautical Engineering (CAE) College of Aeronautical Engineering (CAE) 04/03/2017   158.4 NAH CAE84419 04/05/2017 04/05/2017 Book
          College of Aeronautical Engineering (CAE) College of Aeronautical Engineering (CAE) 04/03/2017   158.4 NAH CAE84418 04/05/2017 04/05/2017 Book
          College of Aeronautical Engineering (CAE) College of Aeronautical Engineering (CAE) 04/03/2017   158.4 NAH CAE84417 04/05/2017 04/05/2017 Book
© 2023 Central Library, National University of Sciences and Technology. All Rights Reserved.